00607 2200241 4500001002100000005001500021035002000036007000300056008004100059020001000100082000900110084001500119100001600134245004600150250001600196260003800212300004100250700001600291520001600307600001600323856001600339990001000355INLIS00000000001755720260126015615 a0010-0126000001ta260126 c 1 ind  a12121 a2121 a2121 TES t0 atestestsets1 atestestsets :btestestsets /ctestestsets atestestsets atestestsets :btestestsets,c2029 a12 :btestestsets ;c12etestestsets0 atestestsets atestestsets 4atestestsets atestestsets a12351